[Event "St Petersburg Korchnoi Memorial op"]
[Site "St Petersburg"]
[Date "2023.08.21"]
[Round "6"]
[White "Shinkorenko, Ivan Al"]
[Black "Sudarkina, Ekaterina"]
[Result "1-0"]
[WhiteElo "1799"]
[BlackElo "1409"]
[PlyCount "99"]
[EventDate "2023.08.18"]
[EventType "swiss"]
[EventRounds "9"]
[EventCountry "RUS"]
[SourceTitle "EXT 2024"]
[Source "ChessBase"]
[SourceDate "2023.10.10"]
[SourceVersion "1"]
[SourceVersionDate "2023.10.10"]
[SourceQuality "1"]

1. Nf3 Nf6 2. d4 d5 3. e3 Bf5 4. c4 e6 5. Nc3 Be7 6. Nh4 Bg4 7. Qb3 Qc8 8. h3 Bh5 9. g4 dxc4 10. Qxc4 Bg6 11. Nxg6 hxg6 12. Bg2 c6 13. e4 Nbd7 14. a4 e5 15. f4 exd4 16. Qxd4 0-0 17. e5 Nd5 18. Nxd5 Bh4+ 19. Ke2 cxd5 20. Be3 Nb6 21. a5 Nc4 22. Rhc1 Qe8 23. Bf2 Bd8 24. Qxd5 Nxa5 25. Rxa5 Bxa5 26. Qxa5 b6 27. Qb4 Rd8 28. Rc7 a5 29. Qb3 a4 30. Qb4 Qe6 31. Qc4 b5 32. Qxe6 fxe6 33. Be3 b4 34. Rc4 Rb8 35. Ba7 Rb5 36. Bc6 Ra5 37. Bc5 a3 38. bxa3 bxa3 39. Bxf8 a2 40. Rc1 Kxf8 41. Ra1 g5 42. fxg5 Rxe5+ 43. Kf3 Ra5 44. Be4 Ra3+ 45. Kf4 Ke7 46. h4 Kd6 47. h5 Ra4 48. h6 e5+ 49. Kf5 g6+ 50. Kxg6 1-0